| 000 | 00986nam a2200241 a 4500 | ||
|---|---|---|---|
| 001 | 48806 | ||
| 003 | BD-RjUL | ||
| 005 | 20211209054604.0 | ||
| 008 | 160816s1991 ii ||||| |||| 00| 0 ben d | ||
| 020 | _c: TK. 60.00 | ||
| 035 | _a(BD-RjUL) 48925 | ||
| 040 |
_aBD-RjUL _bben _cBD-RjUL |
||
| 041 | _aben | ||
| 082 |
_223 _a891.44108 _bADH 1991 |
||
| 245 | 1 | 0 |
_aআধুনিক প্রজন্মের কবিতা / _cউত্তম দাশ এবং মৃত্যুঞ্জয় সেন, সম্পাদিত |
| 260 |
_aকলকাতা : _bমহাদিগন্ত, _c১৯৯১ |
||
| 300 |
_a৩৬০ পৃ. ; _c২১ সেমি. |
||
| 650 |
_aবাংলা কবিতা _xসংগ্রহ _9126131 |
||
| 650 |
_aBengali Poetry _xCollection _9126132 |
||
| 700 |
_aদাশ, উত্তম, সম্পাদক _9147158 |
||
| 700 |
_aসেন, মৃত্যুঞ্জয়, সম্পাদক _9147159 |
||
| 942 |
_2ddc _cBK |
||
| 999 |
_c48806 _d48806 |
||